[Event "Goch op 11th"]
[Site "Goch"]
[Date "2000.10.14"]
[Round "5"]
[White "Zrinscak, Stephen"]
[Black "Koch, Frank"]
[Result "1/2-1/2"]
[WhiteElo "2079"]
[BlackElo "1962"]
[PlyCount "67"]
[EventDate "2000.10.12"]
[EventType "swiss"]
[EventRounds "7"]
[EventCountry "GER"]
[SourceTitle "EXT 2002"]
[Source "ChessBase"]
[SourceDate "2001.11.25"]
[SourceVersion "1"]
[SourceVersionDate "2001.11.25"]
[SourceQuality "1"]

1. e4 c5 2. Nc3 Nc6 3. f4 e6 4. Bc4 Nge7 5. Nf3 d5 6. Bb5 d4 7. Ne2 Qb6 8. Bxc6+ Qxc6 9. d3 f6 10. b3 Ng6 11. a4 b6 12. 0-0 Bd6 13. Qe1 Qc7 14. Qg3 Bb7 15. Bd2 0-0 16. h4 Rf7 17. h5 Nh8 18. Nh4 Bc6 19. Qh3 g6 20. hxg6 hxg6 21. f5 exf5 22. exf5 g5 23. Qg4 Rh7 24. Ng6 Re8 25. Rae1 Nxg6 26. fxg6 Rh4 27. Qf5 Rxe2 28. Rxe2 Bh2+ 29. Kh1 Bg3+ 30. Kg1 Bh2+ 31. Kh1 Bg3+ 32. Kg1 Bh2+ 33. Kh1 Bg3+ 34. Kg1 1/2-1/2

[Event "Sueder Sommer op 11th"]
[Site "Recklinghausen"]
[Date "2000.07.23"]
[Round "2"]
[White "Zrinscak, Stephen"]
[Black "Kummerow, Heiko"]
[Result "0-1"]
[WhiteElo "2079"]
[BlackElo "2314"]
[PlyCount "130"]
[EventDate "2000.07.22"]
[EventType "swiss"]
[EventRounds "9"]
[EventCountry "GER"]
[SourceTitle "EXT 2001"]
[Source "ChessBase"]
[SourceDate "2000.11.22"]
[SourceVersion "1"]
[SourceVersionDate "2000.11.22"]
[SourceQuality "1"]

1. e4 e6 2. d4 d5 3. Nc3 Bb4 4. e5 c5 5. a3 Bxc3+ 6. bxc3 Ne7 7. Qg4 0-0 8. h4 f5 9. Qg3 Nbc6 10. Rb1 cxd4 11. cxd4 Nxd4 12. Bd3 Qc7 13. Kd1 Bd7 14. Ne2 Nxe2 15. Kxe2 Nc6 16. Bf4 Nd4+ 17. Kd2 Rac8 18. Rhc1 Ba4 19. Rb4 Nb3+ 20. cxb3 Qxc1+ 21. Ke2 Qb2+ 22. Bd2 Bc6 23. a4 a5 24. Rb6 Rf7 25. Qf4 Ra8 26. g3 Qa3 27. Qd4 Qe7 28. Bg5 Qf8 29. Bc1 Qe7 30. Bg5 Qe8 31. Be3 Rc7 32. Kd1 Qg6 33. Bf4 h6 34. Be2 Rac8 35. Qd2 d4 36. Bc4 Qg4+ 37. Ke1 Bd5 38. Be2 Rc1+ 39. Qxc1 Rxc1+ 40. Bxc1 Qe4 41. Kd2 d3 42. Bxd3 Qd4 43. Rd6 Qxf2+ 44. Kc3 Qxg3 45. Ba3 Qxe5+ 46. Kc2 Be4 47. Rd8+ Kh7 48. Rd6 Bxd3+ 49. Rxd3 Qh2+ 50. Rd2 Qxh4 51. Bb2 Qe4+ 52. Kc1 h5 53. Bc3 Qc6 54. Kb2 h4 55. Bxa5 h3 56. Rh2 Qf3 57. Bc7 g5 58. a5 g4 59. Ka3 f4 60. Bb8 Qg3 61. Rc2 h2 62. Rc7+ Kg6 63. Rxb7 h1Q 64. Rb6 Qa1+ 65. Kb4 Qgc3+ 0-1

[Event "Dortmund Sparkassen op-A"]
[Site "Dortmund"]
[Date "2000.07.14"]
[Round "8"]
[White "Zrinscak, Stephen"]
[Black "Michalczak, Thomas"]
[Result "0-1"]
[WhiteElo "2079"]
[BlackElo "2262"]
[PlyCount "60"]
[EventDate "2000.07.07"]
[EventType "swiss"]
[EventRounds "10"]
[EventCountry "GER"]
[SourceTitle "EXT 2001"]
[Source "ChessBase"]
[SourceDate "2000.11.22"]
[SourceVersion "1"]
[SourceVersionDate "2000.11.22"]
[SourceQuality "1"]

1. e4 c5 2. Nc3 Nc6 3. f4 g6 4. Nf3 Bg7 5. Bc4 e6 6. 0-0 Nge7 7. Qe1 0-0 8. f5 d5 9. Bd3 c4 10. Be2 d4 11. Nb1 d3 12. cxd3 cxd3 13. Bd1 exf5 14. Nc3 fxe4 15. Nxe4 Nf5 16. Kh1 Re8 17. Nfg5 h6 18. Nxf7 Kxf7 19. g4 Kg8 20. gxf5 Bxf5 21. Rf4 Nd4 22. Qe3 Qd5 23. Qxd3 Rxe4 24. Bf3 Rae8 25. Kg2 Kh8 26. b3 Rxf4 27. Bxd5 Bxd3 28. Bb2 Re2+ 29. Kg3 Be5 30. Rc1 Nf5+ 0-1

[Event "Dortmund Sparkassen op-A"]
[Site "Dortmund"]
[Date "2000.07.11"]
[Round "5"]
[White "Naiditsch, Evgenija"]
[Black "Zrinscak, Stephen"]
[Result "1/2-1/2"]
[WhiteElo "2144"]
[BlackElo "2079"]
[PlyCount "97"]
[EventDate "2000.07.07"]
[EventType "swiss"]
[EventRounds "10"]
[EventCountry "GER"]
[SourceTitle "EXT 2001"]
[Source "ChessBase"]
[SourceDate "2000.11.22"]
[SourceVersion "1"]
[SourceVersionDate "2000.11.22"]
[SourceQuality "1"]

1. e4 e5 2. Nf3 Nc6 3. c3 d5 4. Qa4 f6 5. Bb5 Nge7 6. 0-0 dxe4 7. Qxe4 Bf5 8. Qe2 a6 9. Bxc6+ Nxc6 10. d4 Be7 11. Rd1 exd4 12. Nxd4 Qd5 13. Qh5+ g6 14. Nxf5 Qxf5 15. Qxf5 gxf5 16. Bf4 Ne5 17. Nd2 0-0-0 18. Bxe5 fxe5 19. Nc4 e4 20. Kf1 c6 21. a4 Kc7 22. a5 Bf6 23. Ke2 f4 24. Rxd8 Rxd8 25. g3 Bg5 26. h4 Bh6 27. gxf4 Bxf4 28. Rg1 h5 29. Rg7+ Rd7 30. Rg8 Rd8 31. Rxd8 Kxd8 32. Nd2 Bc7 33. Ke3 Bxa5 34. Kf4 e3 35. fxe3 Bc7+ 36. Kg5 Bb6 37. Nc4 Bc7 38. Kxh5 b5 39. Na3 a5 40. Nc2 c5 41. Kg6 Be5 42. h5 Ke7 43. Kf5 Bg7 44. Kg6 Be5 45. h6 Ke6 46. e4 a4 47. Na3 b4 48. Nc4 bxc3 49. bxc3 1/2-1/2

[Event "Essen op04"]
[Site "Essen"]
[Date "2000.04.18"]
[Round "8"]
[White "Mueller, Falk"]
[Black "Zrinscak, Stephen"]
[Result "1-0"]
[WhiteElo "2026"]
[BlackElo "1962"]
[PlyCount "105"]
[EventDate "2000.04.05"]
[EventType "swiss"]
[EventRounds "9"]
[EventCountry "GER"]
[SourceTitle "EXT 2007"]
[Source "ChessBase"]
[SourceDate "2006.11.23"]
[SourceVersion "1"]
[SourceVersionDate "2006.11.23"]
[SourceQuality "1"]

1. e4 e6 2. d4 d5 3. Nc3 Nf6 4. Bg5 dxe4 5. Nxe4 Be7 6. Bxf6 gxf6 7. Nf3 c6 8. c3 Nd7 9. Qc2 Qa5 10. Bd3 f5 11. Ng3 Nf6 12. 0-0 h5 13. b4 Qc7 14. Rfe1 h4 15. Nf1 Qf4 16. Qd2 Qg4 17. Ne5 Qg7 18. f4 Ng4 19. Nxg4 Qxg4 20. Be2 Qg7 21. Ne3 Rg8 22. Bf3 Bd7 23. a4 Qh6 24. Nc4 Rd8 25. Re2 Bc8 26. a5 Kf8 27. Qe3 a6 28. Kf2 Bf6 29. Rf1 Qg7 30. Rd2 Qh6 31. Ke1 Kg7 32. Kd1 Rge8 33. Kc1 Kf8 34. Kc2 Bd7 35. Re1 c5 36. bxc5 Ba4+ 37. Kb2 Bc6 38. Bxc6 bxc6 39. Ka3 Rb8 40. Nb6 Re7 41. Qf3 Rc7 42. g3 Rd8 43. Rg2 hxg3 44. hxg3 Qh8 45. Rd2 Qg7 46. Red1 Ke7 47. Re2 Rg8 48. d5 cxd5 49. Nxd5+ Kf8 50. Nxc7 Bxc3 51. Qa8+ Ke7 52. Nd5+ Kd7 53. Qb7+ 1-0

[Event "Essen op04"]
[Site "Essen"]
[Date "2000.04.11"]
[Round "4"]
[White "Grabowski, Johann"]
[Black "Zrinscak, Stephen"]
[Result "0-1"]
[WhiteElo "1750"]
[BlackElo "1962"]
[PlyCount "64"]
[EventDate "2000.04.05"]
[EventType "swiss"]
[EventRounds "9"]
[EventCountry "GER"]
[SourceTitle "EXT 2007"]
[Source "ChessBase"]
[SourceDate "2006.11.23"]
[SourceVersion "1"]
[SourceVersionDate "2006.11.23"]
[SourceQuality "1"]

1. d4 Nf6 2. c4 g6 3. Nc3 Bg7 4. e4 0-0 5. f4 d6 6. Nf3 c6 7. Bd3 e5 8. fxe5 dxe5 9. d5 Bg4 10. Qe2 Qb6 11. Be3 Bxf3 12. gxf3 Qc7 13. Qf2 Nh5 14. 0-0-0 Nd7 15. Kb1 Nf4 16. Bc2 cxd5 17. cxd5 Qa5 18. d6 Rac8 19. Bb3 Rfd8 20. Nd5 Nxd5 21. Rxd5 Qa6 22. f4 Nf6 23. fxe5 Nxd5 24. Bxd5 Qd3+ 25. Ka1 Bxe5 26. Bg5 Rxd6 27. Qxf7+ Kh8 28. Qxb7 Rf8 29. Bc1 Bg7 30. Qxa7 Rdf6 31. a3 Ra6 32. Qc5 Rxa3+ 0-1

[Event "Duisburg op"]
[Site "Duisburg"]
[Date "2000.??.??"]
[Round "4"]
[White "Lehmann, Holger"]
[Black "Zrinscak, Stephen"]
[Result "1/2-1/2"]
[WhiteElo "2205"]
[BlackElo "2079"]
[PlyCount "84"]
[EventDate "2000.06.??"]
[EventType "swiss"]
[EventRounds "7"]
[EventCountry "GER"]
[SourceTitle "EXT 2001"]
[Source "ChessBase"]
[SourceDate "2000.11.22"]
[SourceVersion "1"]
[SourceVersionDate "2000.11.22"]
[SourceQuality "1"]

1. d4 Nf6 2. c4 e6 3. Nc3 Bb4 4. g3 0-0 5. Bg2 d5 6. Nf3 Ne4 7. Qb3 c5 8. 0-0 Bxc3 9. bxc3 Nc6 10. cxd5 exd5 11. dxc5 Nxc5 12. Qc2 Ne6 13. Rd1 Qa5 14. a4 Rd8 15. Be3 Qc7 16. Qa2 Ne7 17. Nd4 Nxd4 18. cxd4 Be6 19. Rdc1 Qd7 20. Bd2 Nf5 21. Qb2 Nd6 22. Bf4 Rac8 23. Bxd6 Qxd6 24. Qxb7 Rxc1+ 25. Rxc1 Qa3 26. Qc7 Rf8 27. a5 g6 28. Qc3 Qa2 29. Rc2 Qa4 30. Qd2 Rb8 31. Rc1 Rb4 32. e3 Qxa5 33. h4 h5 34. Kh2 Qb6 35. Rc2 a5 36. Qc1 a4 37. Rc6 Qb5 38. Qc5 a3 39. Qxb5 Rxb5 40. Ra6 Rb2 41. Rxa3 Rxf2 42. Kg1 Rb2 1/2-1/2

[Event "Goch op 10th"]
[Site "Goch"]
[Date "1999.10.17"]
[Round "7.11"]
[White "Preuschoff, Michael"]
[Black "Zrinscak, Stephen"]
[Result "1-0"]
[WhiteElo "2280"]
[BlackElo "2132"]
[PlyCount "163"]
[EventDate "1999.10.14"]
[EventType "swiss"]
[EventRounds "7"]
[EventCountry "GER"]
[SourceTitle "EXT 2002"]
[Source "ChessBase"]
[SourceDate "2001.11.25"]
[SourceVersion "1"]
[SourceVersionDate "2001.11.25"]
[SourceQuality "1"]

1. e4 e5 2. f4 exf4 3. Nf3 d6 4. Bc4 Nc6 5. d4 g5 6. h4 g4 7. Ng5 Nh6 8. Bxf4 Bg7 9. Be3 Qe7 10. Nc3 0-0 11. Qd2 Kh8 12. Nd5 Qd8 13. Nf4 Qe7 14. 0-0-0 Nd8 15. Nh5 Ng8 16. Nxg7 Kxg7 17. e5 f6 18. Ne4 dxe5 19. dxe5 Qxe5 20. Bc5 Re8 21. Rhe1 Ne6 22. Nd6 Qxc5 23. Nxe8+ Kf8 24. Bxe6 Bxe6 25. Rxe6 Rxe8 26. Rxe8+ Kxe8 27. Qd7+ Kf8 28. Qxh7 Qe3+ 29. Kb1 Qe7 30. Qf5 Qe2 31. Rd8+ Kg7 32. a3 Ne7 33. Qd7 Qf1+ 34. Qd1 Qxg2 35. Rd7 Kf8 36. Rxc7 Qe4 37. Qf1 f5 38. Rc4 Qe6 39. Rxg4 Ke8 40. Rg2 Qd5 41. Re2 Kf7 42. Qe1 Nc6 43. Rd2 Qc4 44. b3 Qc5 45. Rd7+ Kf6 46. Qe8 Ne5 47. Rh7 f4 48. Rh6+ Kf5 49. Qh5+ Ke4 50. Rf6 f3 51. Qf5+ Kd5 52. c4+ Kd4 53. Qc2 Ke3 54. Qc3+ Ke4 55. Qc2+ Nd3 56. Rxf3 Kxf3 57. Qxd3+ Kg4 58. Qe4+ Kg3 59. b4 Qg1+ 60. Kb2 Qf2+ 61. Kb3 Qf1 62. Qd4 Qb1+ 63. Ka4 Qc2+ 64. Ka5 Qf5+ 65. Qd5 Qc8 66. h5 Qc7+ 67. Ka4 Qh7 68. Qg5+ Kf3 69. Qf6+ Ke3 70. h6 Qd7+ 71. b5 Qd1+ 72. Kb4 b6 73. Qg5+ Kf2 74. Qf4+ Kg2 75. Qe4+ Kf2 76. h7 Qd6+ 77. Kb3 Qg3+ 78. Ka2 Qg7 79. Qh4+ Ke3 80. h8Q Qg2+ 81. Qb2 Qf1 82. Qc3+ 1-0

[Event "Dortmund op-A"]
[Site "Dortmund"]
[Date "1999.07.17"]
[Round "9"]
[White "Sand, Rolf"]
[Black "Zrinscak, Stephen"]
[Result "1-0"]
[WhiteElo "2100"]
[BlackElo "2132"]
[PlyCount "111"]
[EventDate "1999.07.??"]
[EventType "swiss"]
[EventRounds "10"]
[EventCountry "GER"]
[SourceTitle "EXT 2002"]
[Source "ChessBase"]
[SourceDate "2001.11.25"]
[SourceVersion "1"]
[SourceVersionDate "2001.11.25"]
[SourceQuality "1"]

1. d4 Nf6 2. c4 e6 3. g3 d5 4. Bg2 Nc6 5. Nf3 Bb4+ 6. Bd2 Bxd2+ 7. Nbxd2 0-0 8. 0-0 Bd7 9. Qc2 Qe7 10. Rfd1 Rfd8 11. e3 Rac8 12. Ne5 Be8 13. Nd3 e5 14. dxe5 Nxe5 15. Nxe5 Qxe5 16. cxd5 Nxd5 17. Nc4 Qe6 18. Qe4 Qxe4 19. Bxe4 c6 20. Bf5 Rb8 21. e4 Nf6 22. f3 g6 23. Bh3 Kf8 24. Kf2 Bd7 25. Bxd7 Nxd7 26. Ke2 b6 27. Rd2 f6 28. Rad1 Ke7 29. f4 Nc5 30. Rxd8 Rxd8 31. Rxd8 Kxd8 32. Ke3 Kd7 33. e5 b5 34. Na5 fxe5 35. fxe5 Kc7 36. b4 Ne6 37. Nb3 Kd7 38. Nd4 Nc7 39. Kf4 Nd5+ 40. Kg5 Nxb4 41. Kh6 Nxa2 42. Kxh7 a5 43. Kxg6 Nc3 44. Kf7 Nd5 45. e6+ Kd6 46. h4 a4 47. h5 a3 48. h6 a2 49. Nb3 c5 50. h7 c4 51. Na1 b4 52. h8Q b3 53. Qd8+ Kc5 54. e7 Nb6 55. e8Q b2 56. Qe5+ 1-0

[Event "Kleve op"]
[Site "Kleve"]
[Date "1999.05.16"]
[Round "7"]
[White "Zrinscak, Stephen"]
[Black "Haub, Thorsten Michael"]
[Result "0-1"]
[WhiteElo "2152"]
[BlackElo "2388"]
[PlyCount "88"]
[EventDate "1999.05.??"]
[EventType "swiss"]
[EventRounds "7"]
[EventCountry "GER"]
[SourceTitle "CBM 070 Extra"]
[Source "ChessBase"]
[SourceDate "1999.07.10"]
[SourceVersion "1"]
[SourceVersionDate "1999.07.10"]
[SourceQuality "1"]

1. e4 g6 2. d4 Bg7 3. Nc3 d6 4. f4 Nf6 5. Nf3 0-0 6. Bd3 Nc6 7. d5 Nb4 8. Be2 a5 9. 0-0 c6 10. a3 Na6 11. dxc6 Qb6+ 12. Kh1 bxc6 13. Qe1 Nc5 14. Nd2 Ba6 15. Rf3 Bxe2 16. Qxe2 Ne6 17. Nc4 Qa6 18. Be3 d5 19. f5 dxe4 20. Rf2 Nc7 21. Bc5 Ncd5 22. Nxe4 Nxe4 23. Qxe4 Qb5 24. Be3 Nxe3 25. Nxe3 Qxb2 26. Raf1 Qxa3 27. Rf3 Qb4 28. Qxc6 Rac8 29. Qa6 Rc5 30. Qa7 Re5 31. Qd7 Qb5 32. Qd1 a4 33. h3 a3 34. c4 Qc5 35. Qb3 a2 36. Ng4 Re2 37. f6 exf6 38. Nxf6+ Bxf6 39. Rxf6 Qe5 40. Qd1 Rb8 41. Rxf7 a1Q 42. Qd7 Re1 43. Qd3 Qb1 44. Qf3 Rxf1+ 0-1

[Event "Kleve op"]
[Site "Kleve"]
[Date "1999.05.14"]
[Round "2"]
[White "Kuenitz, Klaus"]
[Black "Zrinscak, Stephen"]
[Result "1-0"]
[WhiteElo "2048"]
[BlackElo "2152"]
[PlyCount "120"]
[EventDate "1999.05.??"]
[EventType "swiss"]
[EventRounds "7"]
[EventCountry "GER"]
[SourceTitle "CBM 070 Extra"]
[Source "ChessBase"]
[SourceDate "1999.07.10"]
[SourceVersion "1"]
[SourceVersionDate "1999.07.10"]
[SourceQuality "1"]

1. Nf3 Nf6 2. c4 c5 3. Nc3 Nc6 4. d4 cxd4 5. Nxd4 e5 6. Ndb5 d6 7. Bg5 a6 8. Bxf6 gxf6 9. Na3 Be6 10. Nd5 Bg7 11. Nc2 f5 12. Rb1 0-0 13. g3 e4 14. Qd2 Ne5 15. b3 b5 16. cxb5 axb5 17. a3 Bxd5 18. Qxd5 Qc7 19. Qd1 Ng4 20. Bh3 Qc3+ 21. Kf1 Nh6 22. Ne3 Qe5 23. a4 bxa4 24. bxa4 f4 25. Rb5 Qxb5 26. axb5 Ra1 27. Qxa1 Bxa1 28. gxf4 Bd4 29. Bd7 Ra8 30. Nc2 Bc5 31. Bc6 Ra4 32. Kg2 Rc4 33. Ne3 Rb4 34. Nd5 Rb2 35. Nf6+ Kg7 36. Nxe4 Bb6 37. Kf3 d5 38. Rg1+ Kf8 39. Nf6 Bd8 40. Nxd5 Nf5 41. Rd1 Nh4+ 42. Ke3 Nf5+ 43. Kd3 Nd6 44. Rd2 Rb3+ 45. Kc2 Ra3 46. Kb1 Nc4 47. Ra2 Rxa2 48. Kxa2 Nb6 49. Kb3 Nxd5 50. Bxd5 Bb6 51. e3 f6 52. Kc4 Ke7 53. Bg8 h6 54. Kd5 Kd7 55. Be6+ Kc7 56. Bg4 Ba5 57. Ke6 Bc3 58. Be2 Be1 59. Kxf6 Bxf2 60. e4 Be3 1-0

[Event "Essen Seniors op"]
[Site "Essen"]
[Date "1999.03.31"]
[Round "9"]
[White "Rosen, Willy"]
[Black "Zrinscak, Stephen"]
[Result "1-0"]
[WhiteElo "2218"]
[BlackElo "2011"]
[PlyCount "121"]
[EventDate "1999.03.16"]
[EventType "swiss"]
[EventRounds "9"]
[EventCountry "GER"]
[SourceTitle "EXT 2008"]
[Source "ChessBase"]
[SourceDate "2007.11.25"]
[SourceVersion "1"]
[SourceVersionDate "2007.11.25"]
[SourceQuality "1"]

1. e4 e5 2. Nf3 Nc6 3. Bb5 a6 4. Ba4 Nf6 5. 0-0 Be7 6. Re1 b5 7. Bb3 d6 8. c3 0-0 9. h3 Na5 10. Bc2 c5 11. d4 Nd7 12. Nbd2 cxd4 13. cxd4 Nc6 14. d5 Nb4 15. Bb1 a5 16. a3 Na6 17. b4 axb4 18. axb4 Nb6 19. Qb3 Bd7 20. Bd3 Nc7 21. Bb2 Rxa1 22. Rxa1 Na4 23. Rc1 Nxb2 24. Qxb2 Na8 25. Nb3 Bf6 26. Qa3 Qb8 27. Na5 g6 28. Nc6 Qb7 29. Qa5 Kg7 30. Qxb5 Qc7 31. Ra1 Rc8 32. Ra6 Be8 33. Nd2 Qd7 34. Qa5 Bd8 35. Nxd8 Qxd8 36. Qxd8 Rxd8 37. Nb3 Rb8 38. Na5 Nc7 39. Ra7 Nb5 40. Rb7 Rxb7 41. Nxb7 Kf8 42. Bxb5 Bxb5 43. Nxd6 Bd3 44. f3 Ke7 45. Nb7 Bb5 46. Kf2 f5 47. g3 Bd7 48. h4 h5 49. Ke3 Bb5 50. f4 exf4+ 51. gxf4 fxe4 52. Kxe4 Bd7 53. Ke5 Bf5 54. b5 Bc8 55. Nc5 Kd8 56. b6 Bf5 57. b7 Kc7 58. d6+ Kb8 59. d7 Bxd7 60. Nxd7+ Kxb7 61. Nf8 1-0

[Event "Essen Seniors op"]
[Site "Essen"]
[Date "1999.03.30"]
[Round "8"]
[White "Szymaniak, Horst"]
[Black "Zrinscak, Stephen"]
[Result "1/2-1/2"]
[WhiteElo "2018"]
[BlackElo "2011"]
[PlyCount "91"]
[EventDate "1999.03.16"]
[EventType "swiss"]
[EventRounds "9"]
[EventCountry "GER"]
[SourceTitle "EXT 2008"]
[Source "ChessBase"]
[SourceDate "2007.11.25"]
[SourceVersion "1"]
[SourceVersionDate "2007.11.25"]
[SourceQuality "1"]

1. e4 e5 2. Nf3 Nc6 3. d4 exd4 4. Nxd4 Bc5 5. Be3 Qf6 6. c3 Nge7 7. Nc2 Bxe3 8. Nxe3 d6 9. Be2 0-0 10. 0-0 Qf4 11. Nd5 Nxd5 12. exd5 Ne5 13. g3 Qh6 14. f4 Ng6 15. Na3 Bh3 16. Rf2 Rfe8 17. Nb5 Re7 18. Bg4 Rae8 19. Bxh3 Qxh3 20. Qd2 Qg4 21. Raf1 Re2 22. Qd1 h5 23. Nd4 Rxf2 24. Kxf2 Qh3 25. Kg1 h4 26. Re1 Rxe1+ 27. Qxe1 Qd7 28. Qe2 a6 29. b3 hxg3 30. hxg3 Qh3 31. Qf3 Kf8 32. a4 Ne7 33. c4 Nf5 34. Ne2 g6 35. Kf2 Qh2+ 36. Ke1 Qh8 37. g4 Qa1+ 38. Kf2 Nd4 39. Nxd4 Qxd4+ 40. Qe3 Qb2+ 41. Kg3 a5 42. f5 gxf5 43. gxf5 Qg7+ 44. Kf3 b6 45. Qf4 Ke7 46. Qh4+ 1/2-1/2

[Event "Essen Seniors op"]
[Site "Essen"]
[Date "1999.03.17"]
[Round "2"]
[White "Hausrath, Heinz"]
[Black "Zrinscak, Stephen"]
[Result "1-0"]
[WhiteElo "1870"]
[BlackElo "2011"]
[PlyCount "137"]
[EventDate "1999.03.16"]
[EventType "swiss"]
[EventRounds "9"]
[EventCountry "GER"]
[SourceTitle "EXT 2008"]
[Source "ChessBase"]
[SourceDate "2007.11.25"]
[SourceVersion "1"]
[SourceVersionDate "2007.11.25"]
[SourceQuality "1"]

1. Nf3 Nf6 2. c4 c5 3. Nc3 Nc6 4. g3 d5 5. cxd5 Nxd5 6. Bg2 Nc7 7. 0-0 e5 8. d3 Be7 9. Bd2 0-0 10. Rc1 f6 11. Ne1 Bd7 12. f4 Rb8 13. Nf3 Be6 14. Kh1 Qd7 15. b3 Rbd8 16. Be3 b6 17. Qd2 Nd5 18. Nxd5 Bxd5 19. Qb2 exf4 20. gxf4 Rfe8 21. Bf2 f5 22. Rfe1 Bf6 23. Qb1 Nd4 24. e4 Nxf3 25. Bxf3 Bc6 26. Rcd1 Qb7 27. Qc2 fxe4 28. dxe4 Rxd1 29. Qxd1 Bxe4 30. Rxe4 Rxe4 31. Qd3 Rd4 32. Bxd4 Qd7 33. Qc4+ Kf8 34. Bxf6 gxf6 35. Qd5 Qh3 36. Bg2 Qe3 37. Qa8+ Kg7 38. Qf3 Qd4 39. h3 Qa1+ 40. Bf1 Kh6 41. Qf2 Qd1 42. Kh2 Qd6 43. Bc4 a5 44. Qh4+ Kg6 45. Qg4+ Kh6 46. Kg3 Qd4 47. Qe2 Qg1+ 48. Kh4 Qd4 49. Qg4 Qf2+ 50. Qg3 Qxa2 51. Kg4 Qb2 52. Kf5 Qd4 53. Bg8 Qd7+ 54. Kxf6 Qd6+ 55. Be6 Qd8+ 56. Kf7 Qc7+ 57. Kf6 Qd8+ 58. Kf5 b5 59. Qg5+ Qxg5+ 60. fxg5+ Kg7 61. Bd7 a4 62. bxa4 bxa4 63. Bxa4 c4 64. h4 c3 65. h5 h6 66. g6 Kf8 67. Kf6 Kg8 68. Bb3+ Kh8 69. g7+ 1-0

[Event "Recklinghausen op"]
[Site "Recklinghausen"]
[Date "1999.??.??"]
[Round "4"]
[White "Bakhmatov, Eduard"]
[Black "Zrinscak, Stephen"]
[Result "1-0"]
[WhiteElo "2260"]
[BlackElo "2130"]
[PlyCount "51"]
[EventDate "1999.??.??"]
[EventType "swiss"]
[EventRounds "9"]
[EventCountry "GER"]
[SourceTitle "EXT 2000"]
[Source "ChessBase"]
[SourceDate "1999.11.16"]
[SourceVersion "1"]
[SourceVersionDate "1999.11.16"]
[SourceQuality "1"]

1. e4 e5 2. Nf3 Nc6 3. d4 exd4 4. Nxd4 Bc5 5. Be3 Qf6 6. c3 a6 7. Bc4 d6 8. 0-0 Nge7 9. Nxc6 Nxc6 10. Bxc5 dxc5 11. f4 Qe7 12. Nd2 Bd7 13. Bd5 0-0 14. Qh5 Nd8 15. f5 Qf6 16. Rae1 Re8 17. e5 Rxe5 18. Ne4 Qe7 19. Ng5 h6 20. Qg6 hxg5 21. f6 Qxf6 22. Rxf6 Rxe1+ 23. Kf2 Re5 24. Rxf7 Nxf7 25. Qxf7+ Kh7 26. Qh5# 1-0

[Event "Duisburg op 6th"]
[Site "Duisburg"]
[Date "1999.??.??"]
[Round "4"]
[White "Lauche, Christoph"]
[Black "Zrinscak, Stephen"]
[Result "0-1"]
[WhiteElo "1762"]
[BlackElo "2152"]
[PlyCount "50"]
[EventDate "1999.05.21"]
[EventType "swiss"]
[EventRounds "7"]
[EventCountry "GER"]
[SourceTitle "EXT 2004"]
[Source "ChessBase"]
[SourceDate "2003.11.25"]
[SourceVersion "1"]
[SourceVersionDate "2003.11.25"]
[SourceQuality "1"]

1. e4 e5 2. f4 exf4 3. Nf3 g5 4. Bc4 Bg7 5. d4 Qe7 6. 0-0 h6 7. c3 d6 8. b4 Be6 9. Bd3 Nf6 10. e5 dxe5 11. Nxe5 0-0 12. Ba3 Rd8 13. b5 Qe8 14. Nd2 Nbd7 15. Qe2 Nb6 16. Ne4 Nbd5 17. Nxf6+ Nxf6 18. g3 Nd5 19. c4 Ne3 20. gxf4 Nxf1 21. fxg5 hxg5 22. Rxf1 Rxd4 23. Qh5 Rxd3 24. Nxd3 Bxc4 25. Qxg5 Bxd3 0-1

[Event "Duisburg op 6th"]
[Site "Duisburg"]
[Date "1999.??.??"]
[Round "5"]
[White "Zrinscak, Stephen"]
[Black "Van Winsen, Joost"]
[Result "1-0"]
[WhiteElo "2152"]
[BlackElo "1875"]
[PlyCount "59"]
[EventDate "1999.05.21"]
[EventType "swiss"]
[EventRounds "7"]
[EventCountry "GER"]
[SourceTitle "EXT 2004"]
[Source "ChessBase"]
[SourceDate "2003.11.25"]
[SourceVersion "1"]
[SourceVersionDate "2003.11.25"]
[SourceQuality "1"]

1. e4 d5 2. exd5 Nf6 3. c4 e6 4. dxe6 Bxe6 5. Nc3 Nc6 6. Nf3 Bc5 7. Be2 Qe7 8. 0-0 0-0-0 9. a3 a5 10. b4 axb4 11. axb4 Bxb4 12. Nb5 Nb8 13. Qa4 c6 14. Ba3 Bxa3 15. Na7+ Kd7 16. Rxa3 Ke8 17. Rb1 Ne4 18. d4 f5 19. Rab3 b5 20. Qa1 Rd7 21. Ra3 Rb7 22. cxb5 cxb5 23. Nxb5 Rf8 24. Ne5 Qg5 25. f3 Bd5 26. fxe4 Bxe4 27. Nd6+ Ke7 28. Rxb7+ Bxb7 29. Nxb7 Qd2 30. Bf3 1-0

[Event "Ruhr-ch Seniors 5th"]
[Site "Germany"]
[Date "1998.??.??"]
[Round "2"]
[White "Krueger, Erich"]
[Black "Zrinscak, Stephen"]
[Result "1-0"]
[WhiteElo "2155"]
[BlackElo "1960"]
[PlyCount "95"]
[EventDate "1998.??.??"]
[EventType "swiss"]
[EventRounds "9"]
[EventCountry "GER"]
[SourceTitle "EXT 1999"]
[Source "ChessBase"]
[SourceDate "1998.11.16"]
[SourceVersion "1"]
[SourceVersionDate "1998.11.16"]
[SourceQuality "1"]

1. d4 Nf6 2. c4 c5 3. d5 g6 4. Nc3 Bg7 5. e4 0-0 6. Be2 d6 7. Bg5 a6 8. a4 Qa5 9. Bd2 Qc7 10. Nf3 Nbd7 11. 0-0 Ne8 12. Bg5 Ne5 13. Qd2 Bg4 14. Nxe5 Bxe2 15. Nxe2 dxe5 16. Be3 Nd6 17. Qc2 f5 18. f3 f4 19. Bf2 a5 20. Nc1 g5 21. Nd3 b6 22. g3 Bf6 23. gxf4 gxf4 24. Kh1 Kh8 25. Rg1 Rg8 26. b3 Qd7 27. Rxg8+ Rxg8 28. Rg1 Qh3 29. Rxg8+ Kxg8 30. Qe2 Nf7 31. Bxc5 bxc5 32. Qg2+ Qxg2+ 33. Kxg2 e6 34. Nxc5 exd5 35. exd5 Be7 36. Nd7 e4 37. fxe4 Ng5 38. e5 Ne4 39. d6 Bh4 40. Kf3 Nd2+ 41. Kxf4 Kf7 42. c5 h5 43. c6 Ke6 44. Nf8+ Kd5 45. c7 Ne4 46. d7 Bg5+ 47. Kf5 Bd8 48. c8Q 1-0

[Event "Ruhr-ch Seniors 5th"]
[Site "Germany"]
[Date "1998.??.??"]
[Round "1"]
[White "Zrinscak, Stephen"]
[Black "Kluge, Hans Christof"]
[Result "1-0"]
[WhiteElo "1960"]
[BlackElo "1675"]
[PlyCount "54"]
[EventDate "1998.??.??"]
[EventType "swiss"]
[EventRounds "9"]
[EventCountry "GER"]
[SourceTitle "EXT 1999"]
[Source "ChessBase"]
[SourceDate "1998.11.16"]
[SourceVersion "1"]
[SourceVersionDate "1998.11.16"]
[SourceQuality "1"]

1. e4 d5 2. exd5 Nf6 3. Nf3 Nxd5 4. d4 c6 5. c4 Nb6 6. h3 Bf5 7. Nc3 e6 8. Be2 Be7 9. 0-0 0-0 10. Be3 N8d7 11. a4 a5 12. Qb3 Qc7 13. Rac1 Rfd8 14. Rfd1 h6 15. Bd3 Bxd3 16. Rxd3 Nc8 17. Qc2 Nd6 18. Bf4 Qc8 19. c5 Ne8 20. Qe2 Nc7 21. Nd2 Nf6 22. Nc4 Ncd5 23. Be5 Nxc3 24. bxc3 Nd5 25. Rg3 Bf8 26. Bxg7 Nf4 27. Bxh6+ Ng6 1-0